01527 a2200181 45000010006000000050017000060080041000230030015000640400040000790800099001192450058002182640028002763000026003045050928003301000027012587000030012857000030013152966420260407155607.0260407a1964 arg spa dAR-UNSa-BCEJYS aAR-UNSa-BCEJYSbspacAR-UNSa-BCEJYS a657.36xBalances de comprobación (balance estimativo). Balances de saldo. Balance intermedio10aNuevo tratado de análisis y discusión de balances 1aMadrid :bAguilarc1964 axxiii, 615 p.c22 cm. a1. El balance legal y su interpretación - 2. Fondos de rotación, liquidez y tesoreria - 3. Comparación de balances - 4. Los Stocks - 5. Cartera de valores y participaciones financieras - 6. Las amortizaciones necesarias - 7. Amortizaciones facultativas y salvaguardia de los patrimonios industriales - 8. Provisiones y previsiones - 9. Balance se sociedades de seguro, reserva para riesgos en curso y reservas matematicas - 10. Emprestitos, obligaciones - 11. Cuentas de orden y pasivos latentes de las sociedades - 12. Del saneamiento financiero - 13. El reembolso del capital social - 14. De la amortización del capital social - 15. La cuenta de perdidas y ganancia - 16. Del reparto de beneficios - 17. Utilización abusiva de las plusvalías de revaluación - 18. Beneficios ilusorios y dividendos ficticios - 19. Rendimiento de explotación y rentabilidad de los capitales e inversiones - 20. Conclusión.1 aSuarez Franck, Armando1 aHanon de Louvert, Charles1 aGomez Acebo, Enrique Alau